[Event "SWE-chT 1617"]
[Site "Sweden"]
[Date "2017.03.24"]
[Round "7.4"]
[White "Nizov, Anton"]
[Black "Larsson, Anders"]
[Result "1/2-1/2"]
[WhiteElo "2142"]
[BlackElo "2266"]
[PlyCount "86"]
[EventDate "2016.10.14"]
[EventType "team-tourn"]
[EventRounds "9"]
[EventCountry "SWE"]
[SourceTitle "CBM 177 Extra"]
[Source "ChessBase"]
[SourceDate "2017.04.27"]
[SourceVersion "1"]
[SourceVersionDate "2017.04.27"]
[SourceQuality "1"]
[WhiteTeam "Malmo"]
[BlackTeam "Kungstornet"]
[WhiteTeamCountry "SWE"]
[BlackTeamCountry "SWE"]

1. d4 e6 2. Nf3 c5 3. e3 Nf6 4. c4 cxd4 5. exd4 d5 6. Nc3 Be7 7. Bd3 Nc6 8. 0-0 0-0 9. Re1 Nb4 10. Be2 dxc4 11. Bxc4 Bd7 12. Bg5 Bc6 13. Ne5 Nfd5 14. Bxe7 Qxe7 15. Nxc6 bxc6 16. a3 Nxc3 17. bxc3 Nd5 18. Qf3 Qd6 19. Bb3 Rab8 20. c4 Nf6 21. Red1 Rfd8 22. c5 Qc7 23. Ba4 Nd5 24. Rab1 Ne7 25. Rxb8 Rxb8 26. Qe4 Nd5 27. Bc2 Nf6 28. Qf3 Qd7 29. Ba4 Nd5 30. g3 h6 31. Kg2 g6 32. h4 h5 33. Bb3 Rd8 34. Ba4 Rb8 35. Bb3 Ne7 36. Ba4 Qd5 37. Qxd5 exd5 38. Kf3 Rb2 39. Rd3 Kg7 40. Re3 Kf6 41. Re2 Rb1 42. Re3 Rb7 43. Re2 Rb1 1/2-1/2

[Event "SWE-chT 1516 Superettan"]
[Site "Sweden"]
[Date "2016.03.20"]
[Round "9"]
[White "Svensson, Mans"]
[Black "Nizov, Anton"]
[Result "1-0"]
[WhiteElo "2148"]
[BlackElo "2118"]
[PlyCount "115"]
[EventDate "2015.11.06"]
[EventType "team-tourn"]
[EventRounds "9"]
[EventCountry "SWE"]
[SourceTitle "EXT 2018"]
[Source "ChessBase"]
[SourceDate "2017.10.13"]
[SourceVersion "1"]
[SourceVersionDate "2017.10.13"]
[SourceQuality "1"]
[WhiteTeam "Upsala"]
[BlackTeam "Malmo"]
[WhiteTeamCountry "SWE"]
[BlackTeamCountry "SWE"]

1. d4 d5 2. c4 c6 3. Nf3 Nf6 4. Qc2 e6 5. e3 Nbd7 6. Nc3 Bd6 7. g4 Bb4 8. Bd3 dxc4 9. Bxc4 b5 10. Be2 Bb7 11. Rg1 a6 12. g5 Nd5 13. Bd2 Bd6 14. Ne4 Be7 15. Nc5 Nxc5 16. dxc5 Qc7 17. Rg4 e5 18. Re4 Bc8 19. Rxe5 Bg4 20. Qe4 Bxf3 21. Bxf3 0-0 22. Rc1 f6 23. Re6 Rad8 24. g6 h6 25. Qf5 Qd7 26. Ba5 Nc7 27. Bg4 Rde8 28. Rd6 Qxf5 29. Bxf5 Bxd6 30. cxd6 Re5 31. dxc7 Rxf5 32. Rxc6 Rc8 33. Rd6 Re5 34. Rxa6 Kf8 35. Rd6 Ra8 36. Rd7 Ree8 37. b4 Re5 38. Ke2 Re7 39. Rd5 Re5 40. Rd6 Rc8 41. f4 Re7 42. Rd8+ Re8 43. Rd5 Ke7 44. Rxb5 Kd6 45. Rc5 Ra8 46. Kd3 Kd7 47. Kd4 Kd6 48. e4 Kd7 49. Kd5 Ra6 50. e5 fxe5 51. fxe5 Rxg6 52. e6+ Kc8 53. Rc6 Rg5+ 54. Kd6 Rg6 55. Kd5 Rg5+ 56. Kd4 Rg6 57. Rd6 Rg4+ 58. Kc3 1-0

[Event "SWE-chT 1516 Superettan"]
[Site "Sweden"]
[Date "2015.11.08"]
[Round "3"]
[White "Nizov, Anton"]
[Black "Duenas, Alexis"]
[Result "1-0"]
[WhiteElo "2118"]
[BlackElo "1899"]
[PlyCount "95"]
[EventDate "2015.11.06"]
[EventType "team-tourn"]
[EventRounds "9"]
[EventCountry "SWE"]
[SourceTitle "EXT 2018"]
[Source "ChessBase"]
[SourceDate "2017.10.13"]
[SourceVersion "1"]
[SourceVersionDate "2017.10.13"]
[SourceQuality "1"]
[WhiteTeam "Malmo"]
[BlackTeam "Stockholm Rockaden II"]
[WhiteTeamCountry "SWE"]
[BlackTeamCountry "SWE"]

1. d4 f5 2. g3 Nf6 3. Bg2 e6 4. Nf3 Be7 5. 0-0 0-0 6. c4 d6 7. Nc3 Qe8 8. Qd3 Qh5 9. e4 fxe4 10. Nxe4 Nxe4 11. Qxe4 c6 12. Bf4 Na6 13. Rad1 d5 14. Qe5 Qxe5 15. Nxe5 Bf6 16. b3 Nb8 17. Rfe1 Bxe5 18. Rxe5 Bd7 19. Bh3 Re8 20. Rde1 Kf7 21. Bf1 a5 22. Bd3 g6 23. h4 a4 24. b4 b5 25. c5 a3 26. Rb1 Na6 27. Bc1 Nc7 28. Rb3 Ra4 29. h5 Na6 30. hxg6+ hxg6 31. Bxa3 Nc7 32. Bb1 Rea8 33. Bc1 Be8 34. a3 Kg7 35. Rf3 Bf7 36. Rf4 Ne8 37. Re3 R4a7 38. Rh4 Nf6 39. Rf3 Ng8 40. g4 Ra6 41. Rh7+ Kxh7 42. Rxf7+ Kh8 43. Bf4 Nh6 44. Bxh6 Rxa3 45. Bxg6 Rb3 46. Bg5 Rxb4 47. Bf6+ Kg8 48. Rh7 1-0

[Event "SWE-chC op"]
[Site "Lund"]
[Date "2010.07.05"]
[Round "3"]
[White "Nilsson, Victor"]
[Black "Nizov, Anton"]
[Result "1/2-1/2"]
[WhiteElo "2133"]
[BlackElo "2035"]
[PlyCount "47"]
[EventDate "2010.07.03"]
[EventType "swiss"]
[EventRounds "9"]
[EventCountry "SWE"]
[SourceTitle "CBM 137 Extra"]
[Source "ChessBase"]
[SourceDate "2010.09.01"]
[SourceVersion "1"]
[SourceVersionDate "2010.09.01"]
[SourceQuality "1"]

1. d4 d5 2. c4 c6 3. Nf3 Nf6 4. Nc3 dxc4 5. a4 Bf5 6. e3 e6 7. Bxc4 Bb4 8. 0-0 Nbd7 9. Qe2 Bg6 10. Bd2 0-0 11. Rfd1 Qc7 12. Rac1 a5 13. Bd3 Bxd3 14. Qxd3 e5 15. Ne4 Bxd2 16. Rxd2 exd4 17. Nxd4 Nxe4 18. Qxe4 Nf6 19. Qf3 Rad8 20. Rcd1 Rd7 21. h3 Rfd8 22. Qf5 Rd5 23. Qc2 h5 24. Nf3 1/2-1/2